Responses for show #5488 - Wednesday, June 18, 2008

Dave Simpson game 3.

Contestants

[<< previous game]

Jules Staniewicz, an investment manager from Boca Raton, Florida

Lucy Anne McKosky, a retired educator from Dayton, Ohio

Dave Simpson, a pastor from Belcamp, Maryland (whose 2-day cash winnings total $53,201)

[next game >>]

Jeopardy! Round responses

MAKES SENSE
TENNIS
EDIBLE COMMON BONDS
HOUSES OF THE HOLY
(Alex: You tell us in which city the house is situated.)
LEAD
ZEPPELIN
    $200 3
(Jules: What is Mobile?)

New Orleans

DaveJules
    $200 1
Billie Jean King

Dave
    $200 11
stew

Jules
    $200 14
London

Dave
    $200 26
bullets

Jules
    $200 6
Germany

Dave
    $400 7
(Dave: What is drowning?)
...
(Dave: Couldn't have been more wrong.)

dehydration

Dave
Triple Stumper
    $400 2
(Dave: Who is John McEnroe?)

Jimmy Connors

DaveLucy Anne
    $400 12
rolls

Dave
    $400 15
Salt Lake City

Dave
    $400 27
the United States

Dave
    $400 20
World War I

Dave
    $600 8
32

Dave
    $600 4
Rod Laver

Jules
    $600 19
sauces

Dave
    $600 16
Jerusalem

Lucy Anne
    $600 28
silver

Jules
    $600 21
Goodyear

Jules
    $1,000 9
a woodpecker

Dave
    $800 5
Gabriela Sabatini

Triple Stumper
    $800 23
sausages

Dave
    $800 17
New York City

Lucy Anne
    $800 29
batteries

Dave
    $800 22
the Graf Zeppelin

Jules
    $1000 10
launch one ship

Jules
    $1000 13
(Alex: And she's won some tournaments. [*].)

Lindsay Davenport

Triple Stumper
    $1000 25
mushrooms

Dave
    $1000 18
Florence

Triple Stumper
    $1000 30
graphite

Jules
    $1000 24
hydrogen & helium

Dave

Scores at the first commercial break (after clue 15):

Dave Lucy Anne Jules
$2,400 $400 $1,600

Scores at the end of the Jeopardy! Round:

Dave Lucy Anne Jules
$7,400 $1,800 $4,800

Double Jeopardy! Round responses

LITERATURE
EUROPEAN GEOGRAPHY
2007 NEWS
GONE VISION
WE HAVE MET THE ANIME
THEY ARE "US"
    $400 6
Don Quixote

Jules
    $400 1
the Seine

Jules
    $400 10
stem cells

Dave
    $400 16
"Double Vision"

Dave
    $400 26
Pokémon

Dave
    $400 21
tusks

Jules
    $800 7
Côte d'Ivoire (or the Ivory Coast)

Lucy Anne
    $800 2
Norway

Triple Stumper
    $800 11
(Dave: What is Columbia?)

Yale

DaveLucy Anne
    $800 17
(Lucy Anne: What is Iceland?)

Ireland

Lucy Anne
Triple Stumper
    $800 27
(Dave: What is Akiro?)

Akira

Dave
Triple Stumper
    $800 25
Venus & Uranus

Dave
    $1200 8
mystery writing

Lucy Anne
    $1200 3
(Jules: What is the heel?)

the toe

Lucy AnneJules
    $1200 13
J.R.R. Tolkien

Lucy Anne
    $1200 18
clairvoyance

Dave
    $1200 28
(Lucy Anne: What is Bee Story?)

Transformers

DaveLucy Anne
    $1200 24
sustained

Dave
    $1600 9
(Henry David) Thoreau

Jules
    $1600 4
Barcelona

Lucy Anne
    $2,000 14
the iPhone

Lucy Anne
    $1600 19
visions of sugar plums

Lucy Anne
    $1600 29
Sailor Moon

Dave
    $1600 23
Prussia

Lucy Anne
    $2000 12
Pushkin

Dave
    $2000 5
the Bavarian Alps

Lucy Anne
    $2000 15
Petraeus

Jules
    $2,000 20
(Alex: Lucy Anne?)
(Lucy Anne: Yes?)
(Alex: Any response?)
(Lucy Anne: No.)
(Alex: No? OK. You don't have to whisper it.)

vision quest

Lucy Anne
    $2000 30
Princess Mononoke

Triple Stumper
    $2000 22
(Alex: He spoke a lot.)

Zarathustra

Triple Stumper

Scores at the end of the Double Jeopardy! Round:

Dave Lucy Anne Jules
$15,000 $11,800 $8,400

[wagering suggestions for these scores]

Final Jeopardy! Round responses

THE ACADEMY AWARDS
(Alex: He was ill at the time and could not pick up his acting Oscar in person. His daughter did it for him.)
...
(Alex: On Golden Pond was the film.)
JulesWho is Henry Fonda?
$8,400
Lucy AnneWho is Laurence Olivier
$6,000
DaveWho is Henry Fonda?
$8,601
Henry Fonda

Final scores:

Dave Lucy Anne Jules
$23,601 $5,800 $16,800
3-day champion: $76,802 3rd place: $1,000 2nd place: $2,000

Game dynamics:

Coryat scores:

Dave Lucy Anne Jules
$14,800 $13,400 $8,400
24 R
(including 1 DD),
4 W
13 R
(including 1 DD),
3 W
(including 1 DD)
13 R,
2 W

Combined Coryat: $36,600

The J! Archive is created by fans, for fans. The Jeopardy! game show and all elements thereof, including but not limited to copyright and trademark thereto, are the property of Jeopardy Productions, Inc. and are protected under law. This website is not affiliated with, sponsored by, or operated by Jeopardy Productions, Inc. Join the discussion at JBoard.tv.